000 00600cam a2200205 4500
001 ABS62346
008 000000n2000 000 0 eng u
035 _a(Sirsi) u106049
245 _aDenmark
260 _c2000
490 _aEuroProperty
_vMay 2000, 33-43(5)
520 _aReview of the commercial property market in Denmark. Table of office owners in Copenhagen.
590 _aABS
650 _aDENMARK
650 _aSCANDINAVIA
650 _aCOPENHAGEN
650 _aPROPERTY-COMMERCIAL PROPERTY-OFFICE PROPERTY-OFFICE PROPERTY MARKET
690 _aINTERNATIONAL-EUROPE
942 _n0
999 _c63521
_d63521